01903nam a22002297a 450000500170000000800410001702000180005804000070007604100080008308200200009110000170011124500110012826000350013930000280017436500590020252013060026165000210156765000200158865000270160865000190163570000190165420240207101203.0240207b ||||| |||| 00| 0 eng d a9781471172397 cAL aeng 223a158.3bBYRS aRhonda Byrne aSecret aLondonbSimon & Schusterc2016 axix,202p.bPBc17x14cm. 2Psychologya7548b479.00c₹d599.00e20%f05-02-2024 aThe worldwide bestselling phenomenon that has helped millions tap the power of the law that governs all our lives to create—intentionally and effortlessly—a joyful life. in 2006, a groundbreaking feature-length film revealed the great mystery of the universe—The Secret—and, later that year, Rhonda Byrne followed with a book that became a worldwide bestseller. Fragments of a Great Secret have been found in the oral traditions, in literature, in religions, and philosophies throughout the centuries. For the first time, all the pieces of The Secret come together in an incredible revelation that will be life-transforming for all who experience it. In this book, you’ll learn how to use The Secret in every aspect of your life—money, health, relationships, happiness, and in every interaction you have in the world. You’ll begin to understand the hidden, untapped power that’s within you, and this revelation can bring joy to every aspect of your life. The Secret contains wisdom from modern-day teachers—men and women who have used it to achieve health, wealth, and happiness. By applying the knowledge of The Secret, they bring to light compelling stories of eradicating disease, acquiring massive wealth, overcoming obstacles, and achieving what many would regard as impossible. aSecret to Health aSecret to Money aSecret to Relationship aSecret to Life aBYRNE (Rhonda)